000 00666nam 22001933 4500
001 197885
021 _aPT
_b146942/00
090 _a197885
100 _a20250916d u||y0pory50 ba
200 _aRoteiro de Museus
_e(colecções etnográficas) Açores e Madeira
_fInvestigação Nélia Dias... [et al.]
210 _aLisboa
_cOlhapim
_d1999
215 _a120 p. ; vol. V
_cil. ; brochado
_d20 cm
300 _ainvestigação Caminus - actividades culturais (1994-98)
606 _913682
_aOrganizações em geral
_xMuseus. Exposições permanentes
675 _a069
_vPT
_zpor
701 _913683
_aDias
_bNélia
801 _aPT
_bBMMN
_gRPC
830 _cVanda
990 _cLIVROS